000 00621nam a2200205Ia 4500
005 20250923145310.0
008 008 250917s9999 xx 000 0 eng d
037 _aTextual
040 _aDSWL
_beng
_cDSWL
041 _aeng
_2eng
084 _aY:45:61.2'M61 M, N74
_qDSWL
100 _aGupta, Anandswarup
_9833825
245 0 _aCrime and police in India (up to 1861)
_c by Anandswarup Gupta
260 _aAgra
_bSahitya Bhawan
_c1974
300 _axxiii,392,xxxvi p.
365 _aINR
_b45 . 0
925 _g45 . 0
942 _cTEXL
_hY:45:61.2'M61 M, N74
999 _c1449654
_d1449654